| 000 | 00875nam a22002537a 4500 | ||
|---|---|---|---|
| 003 | UA-OsUOA | ||
| 001 | 75178 | ||
| 007 | ta | ||
| 008 | 20110510b un ||||| |||| 00| 0 ukr d | ||
| 100 | _aЛайт Л. | ||
| 700 | _aКиддон Дж. | ||
| 090 |
_a659.127.6 _bЛ18 |
||
| 942 | _cBK | ||
| 040 |
_aUA-OsUOA _brus _cUA-OsUOA _dUA-OsUOA |
||
| 245 | _aВозрождение бренда: шесть принципов. Вдохните в свой бренд новую жизнь вместе с McDonald's | ||
| 300 | _a208 с. | ||
| 955 | _a2 | ||
| 041 | _arus | ||
| 080 | _a659.127.6 | ||
| 020 | _a978-5-93286-169-1 | ||
| 260 |
_aСПб _bСимвол-Плюс _c2009 |
||
| 650 | 7 |
_a659 Реклама. Система інформації. Громадська інформація та реклама (Паблик-Рилейшнз) _2UDC |
|
| 999 |
_c361475 _d361475 |
||